Un mundo feliz / (Registro nro. 2860)

Detalles MARC
000 -LEADER
fixed length control field 01264nam a2200205 a 4500
008 - CAMPO DE CONTROL (LIBRO)
fixed length control field 190917t2004 ag |||g |||| 001 0 spa d
020 ## - INTERNATIONAL STANDARD BOOK NUMBER
ISBN 9871138512
041 ## - CODIGO DE IDIOMA
Código de idioma del texto/pista de sonido o título separado spa
092 ## - SIGNATURA TOPOGRAFICA DEWEY LOCAL
número de clasificación 808
libristica 36
sección HUX
100 1# - ENTRADA PRINCIPAL--NOMBRE PERSONAL
Nombre personal Huxley, Aldous
9 (RLIN) 4026
245 3# - TITULO PROPIAMENTE DICHO
Título Un mundo feliz /
Mención de responsabilidad y remanente de la transcripción de la portada Aldous Huxley
250 ## - MENCION DE EDICION
Mención de edición 3a ed.
Mención de responsabilidad relacionada con la ed. Traducción Ramón Hernández
260 ## - PIE DE IMPRENTA
Lugar de publicación, distribución, etc Buenos Aires:
Nombre de la editorial, distribuidor, etc Debolsillo;
Fecha de publicación 2005.
300 ## - DESCRIPCION FISICA
Extension 224 p.
Dimensiones 19x13 cm.
500 ## - NOTA GENERAL
Nota general Huxley, A. (2009). Un mundo feliz. (11a ed.). Buenos Aires : De bolsillo.
505 ## - NOTA DE CONTENIDO
Nota de contenido formateada Un mundo feliz es un clásico de la literatura de este siglo. Con ironía mordiente, el genial autor inglés plasma una sombría metáfora sobre el futuro, muchas de cuyas previsiones se han materializado, acelerada e inquietamente, en los últimos años. La novela describe un mundo en el que finalmente se han cumplido los peores vaticinios: triunfan los dioses del consumo y la comodidad, y el orbe se organiza en diez zonas en apariencias seguras y estables. Sin embargo, este mundo ha sacrificado valores humanos esenciales, y sus habitantes son procesados in vitro a imagen y semejanza de una cadena de montaje.
590 ## - NOTAS LOCALES (RLIN)
Nota local Proyecto 4to libro, donación Ariadna Navarro febrero 2019
655 ## - MATERIA - GENERO/FORMA
Género/Forma Literatura
-- 2917
942 ## - ADDED ENTRY ELEMENTS (KOHA)
Source of classification or shelving scheme Dewey Decimal Classification
Item type LITERATURA
Existencias
Estado de retiro Existencia Fuente de clasificación Estado general No para prestamo Ubicación permanente ubicación actual Sala de ubicación Fecha de adquisición Fuente de adquisición Total Checkouts Total Renewals Número de clasificación Código de barras Date last seen Date last borrowed Número de ejemplar Price effective from Koha tipo de elemento (item) Public note
    Dewey Decimal Classification     Biblioteca Medicina Biblioteca Medicina Circulación 28/02/2019 Donación Adriana Navarro, febrero 2019 3 1 808 36 HUX 4397 12/05/2025 30/04/2025 Ej. 1 28/02/2019 LITERATURA Proyecto 4to libro. Donación Adriana Navarro, febrero 2019
    Dewey Decimal Classification     Biblioteca Medicina Biblioteca Medicina Circulación 31/05/2019 Donación Cabanne, Julia. Mayo 2019 1   808 36 HUX 4429 10/03/2023 21/12/2022 Ej. 2 31/05/2019 LITERATURA Proyecto 4to libro. Donación Cabanne, Julia. Mayo 2019
    Dewey Decimal Classification     Biblioteca Medicina Biblioteca Medicina Circulación 11/03/2020 Donación Pardo, Paula. marzo 2020     808 36 HUX 4644 11/03/2020   Ej. 3 11/03/2020 LITERATURA Proyecto 4to libro. Donación Pardo, Paula. marzo 2020

UNIVERSIDAD NACIONAL DEL COMAHUE
Biblioteca de la Facultad de Ciencias Médicas
Sede Toschi: Los Arrayanes y Av. Toschi, Cipolletti  - Rio Negro
Sede Los Tordos:  Yrigoyen al 2211, Cipolletti - Rio Negro 

Teléfono: 0299 - 4774707 int 25
Contacto: biblioteca@facimed.uncoma.edu.ar
© 2011 - 2026